000 00511nam a22001577a 4500
010 _aB-106776
020 _c225.00
082 _a006.754
100 _aStanek, William R.
245 _aFaster smarter microsoft office frontpage 2003 /
_cby William R. Stanek, Greg Holden
260 _aNew Delhi
_bPrentice-Hall of india
_c2004
270 _bNew Delhi
_aM-97, connaught circus
_e110001
300 _axix, 346p.
_b25cm(Hb).
700 _aHolden, Greg
942 _2ddc
_cEN
_h006.754
_mSTA
999 _c156282
_d156282